000 00267nam a2200097Ia 4500
008 220204s9999 xx 000 0 und d
082 _a929(031)
_bMCG
245 0 _aMcGraw hill encyclopedia of world biography. 12 V
260 _aNew York
_bMcGraw Hill
_c1973
942 _cBK
999 _c24073
_d24073